|
|
|
|
| LEADER |
01820nam a2200421 a 4500 |
| 001 |
000390875 |
| 003 |
CZ BrMZK |
| 005 |
20171228153438.0 |
| 007 |
ta |
| 008 |
980115s1998 xr f cze d |
| 015 |
|
|
|a cnb000643112
|
| 020 |
|
|
|a 80-7042-511-3
|
| 035 |
|
|
|a (OCoLC)41531573
|
| 040 |
|
|
|a BOA001
|b cze
|
| 041 |
0 |
|
|a cze
|b ger
|
| 080 |
|
|
|a 372.893(437:438)
|2 MRF
|
| 100 |
1 |
|
|a Gracová, Blažena,
|d 1950-
|7 jn20000400799
|4 aut
|
| 245 |
1 |
0 |
|a Obraz Čechů, Poláků a jejich minulosti u studující mládeže /
|c Blažena Gracová
|
| 250 |
|
|
|a Vyd. 1.
|
| 260 |
|
|
|a Ostrava :
|b Ostravská univerzita,
|c 1998
|
| 300 |
|
|
|a 261 s. ;
|c 24 cm
|
| 490 |
1 |
|
|a Spisy Filozofické fakulty Ostravské univerzity =
|a Scripta Facultatis philosophicae Universitatis Ostraviensis ;
|v č. 115/1998
|
| 504 |
|
|
|a Obsahuje bibliografii
|
| 546 |
|
|
|a Německé resumé
|
| 550 |
|
|
|a Vydavatel: Filozofická fakulta
|
| 653 |
0 |
|
|a Poláci
|a dějepisné učebnice
|a polsko-české vztahy
|a polské dějiny
|a Češi
|a česko-polské vztahy
|a české dějiny
|
| 710 |
2 |
|
|a Ostravská univerzita.
|b Filozofická fakulta
|7 kn20010709314
|
| 810 |
2 |
|
|a Ostravská univerzita.
|b Filozofická fakulta.
|t Spisy
|0 s
|
| 910 |
|
|
|a BOA001
|b 2-1055.544
|b PK-0131.864
|
| 920 |
|
|
|a 000410693
|
| 964 |
|
|
|a Poláci
|x Češi
|x studenti
|x vztahy
|
| 964 |
|
|
|a Česko
|x dějiny
|x učebnice středoškolské polské
|x zobrazení
|
| 964 |
|
|
|a Češi
|x Poláci
|x studenti
|x vztahy
|
| 964 |
|
|
|a Dějepis
|x učebnice středoškolské
|x analýza
|
| 964 |
|
|
|a Polsko
|x dějiny
|x učebnice středoškolské české
|x zobrazení
|
| 990 |
|
|
|a BK
|
| 996 |
6 |
|
|b 2610086506
|c 2-1055.544
|l MZK
|r Sklad / do 1 hodiny
|n 14
|p p.v.
|w 000390875
|u 000010
|a 1
|e BOA001
|j MZK50
|s P
|
| 996 |
7 |
|
|b 3119016492
|c PK-0131.864
|l MZK
|r Sklad / do 1 hodiny
|n 25
|p kup
|w 000390875
|u 000020
|a 1
|e BOA001
|j MZK50
|s A
|